000 00341nam a2200145Ia 4500
008 191201s2003 xx 000 0 und d
082 _a621.381
_bMEF
100 _aMEADE, Russell
245 0 _aFoundations of Electronics
250 _a4th
260 _aN.Delhi
_bThomson
_c2003
300 _a1152
650 _aB.Tech(ECE)
942 _2ddc
_cBK
999 _c1802
_d1802